000 00640nam a2200217Ii 4500
003 JO-AjNU
008 230605s9999||||xx |||||||||||||| ||und||
017 _a2008/1/62
040 _aJO-AjNU
_bara
_erda
_cJO-AjNU
041 _aara
050 1 4 _aRJ506.A9.Z347 2009
100 3 _aالظاهر ، قحطان احمد,
_eauthor
_926178
245 0 0 _aالتوحد
250 _aط1
264 3 1 _aعمان:دار وائل للنشر ، 2009
300 _a300ص
336 _atext
_btxt
_2rdacontent
337 _aunmediated
_bn
_2rdamedia
338 _avolume
_bnc
_2rdacarrier
650 4 _aالتوحد - صعوبات التعلم
_926179
999 _aA9886
_c13454
_d13454